000 00295nam a2200133Ia 4500
100 _aWalavalkar/ Y.N.
942 _cBK
654 _aradio
245 _aFundamentals of Strength of Materials
260 _bEverest Pub
_aNew Jersey
_c1993
300 _a386
546 _aENGLISH
999 _c28366
_d28366